Brad Pitt Movies Quiz Stats

 Plays Quiz Updated Dec 31, 2020

Support Sporcle.
Go Orange.
Score 0/51 Timer 07:00
3 Plays Today
Year Title % Correct
2001Ocean's Eleven
75.4%
2004Ocean's Twelve
74.6%
2007Ocean's Thirteen
72.6%
2019Once Upon a Time... in Hollywood
70.1%
1999Fight Club
69.7%
201312 Years a Slave
66.8%
2005Mr. & Mrs. Smith
66.4%
2004Troy
64.4%
1995Se7en
63.8%
2000Snatch
54.4%
2008Burn After Reading
51.7%
2008The Curious Case of Benjamin Button
50.7%
199512 Monkeys
50.6%
2013The Counselor
50.5%
1991Thelma & Louise
50.5%
2019Ad Astra
49.5%
1998Meet Joe Black
44.9%
2015The Big Short
43.7%
2006Babel
43.7%
2009Inglourious Basterds
43.4%
2011Happy Feet 2 in 3D
41.8%
1997Seven Years in Tibet
41.2%
2017War Machine
39.8%
1994Interview With the Vampire
39.1%
2016Allied
38.1%
1994Legends of the Fall
37.3%
Year Title % Correct
2001The Mexican
35.8%
2018Deadpool 2
35.5%
2013World War Z
35%
2014Fury
33.1%
1992A River Runs Through It
32.9%
2012Killing Them Softly
31%
2011Moneyball
28.7%
2011The Tree of Life
27.7%
1993True Romance
25.8%
1993Kalifornia
25.4%
2003Sinbad: Legend of the Seven Seas
25.3%
2001Spy Game
25.2%
2007The Assassination of Jesse James by the Coward Robert Ford
24.7%
2010Megamind
23.7%
1992Cool World
22.7%
1997The Devil's Own
22.5%
1996Sleepers
22.1%
1992Johnny Suede
19.5%
1989Cutting Class
18.6%
1991Across the Tracks
17.9%
1994The Favor
17.7%
1988The Dark Side of the Sun
17.4%
1990Happy Together
17.3%
2015By the Sea
16.1%
2009Beyond All Boundaries
6.4%

You're not logged in!

Compare scores with friends on all Sporcle quizzes.
OR
Log In
Forgot?

From the Vault

Disney Bunker

by LTH

We wonder how deep this Disney conspiracy goes...
Remove Ads.
Support Sporcle.
Get the best of Sporcle when you Go Orange. This ad-free experience offers more features, more stats, and more fun while also helping to support Sporcle. Thank you for becoming a member.

Show Comments

Extras

Top Quizzes Today


Score Distribution

Your Account Isn't Verified!

In order to create a playlist on Sporcle, you need to verify the email address you used during registration. Go to your Sporcle Settings to finish the process.

Report this User

Report this user for behavior that violates our Community Guidelines.

Details: